| 000 | 00511cam a2200205ua 4500 | ||
|---|---|---|---|
| 001 | 9164 | ||
| 005 | 20260515114432.0 | ||
| 008 | 150223n ii |||gr||||Z||||||eng | ||
| 020 | _a9788131102152 | ||
| 040 | _cMAIN | ||
| 041 | _aeng | ||
| 082 | _a418.8 | ||
| 100 |
_aZakaria, M. T., _eAuthor. |
||
| 245 | 1 |
_aAdvanced english composition _cBy M. T. Zakaria |
|
| 250 | _a1st. | ||
| 260 |
_aNew Delhi: _bCommonwealth, _c2009. |
||
| 300 | _a230p. | ||
| 653 | _aStandard usage & applied linguistics | ||
| 942 | _cBK | ||
| 999 |
_c8227 _d8227 |
||